Left 4 Dead 2 Achievements Quiz - Statistics

General Stats
  • This quiz has been taken 19 times
  • The average score is 15 of 65
Answer Stats
Description Achievement % Correct
Have Bill sacrifice himself for the team. (50G) Kill Bill
55%
Survive the Dark Carnival campaign. (20G) Midnight Rider
45%
Survive the Dead Center campaign. (20G) Price Chopper
45%
Kill a Tank with melee weapons. (30G) Tank Burger
45%
Kill a Jockey within 2 seconds of it jumping on a Survivor. (15G) A Ride Denied
36%
As The Spitter, spit on a Survivor being choked by a Smoker. (15G) A Spittle Help From My Friends
36%
As The Jockey, ride The Survivors twice in a single life. (15G) Back in the Saddle
36%
Survive The Parish campaign. (20G) Bridge Burner
36%
Rescue Gnome Chompski from the Carnival. (30G) Guardin' Gnome
36%
Kill a Charger with a melee weapon while they are charging. (15G) Level a Charge
36%
Survive all campaigns on Expert. (35G) Still Something to Prove
36%
Deploy an ammo upgrate and have your team use it. (15G) Armory of One
27%
Honk the noses of 10 Clowns. (15G) Cl0wnd
27%
Kill 10 swampy Mudmen while they are in the water. (20G) Dead in the Water
27%
Knock off the heads of 18 infected with the Golf Club. (25G) Fore!
27%
Collect 10 items dropped by a Fallen Survivor. (25G) Grave Robber
27%
Decapitate 200 Infected with melee weapons. (15G) Head Honcho
27%
In a Versus round, leave the safe room to defibrillate a dead teammate. (20G) Heartwarmer
27%
Kill a Tank only with damage from the original Survivors. (30G) Kite Like a Man
27%
As The Charger, grab a Survivor and smash them into the ground for a solid 15 seconds. (20G) Meat Tenderizer
27%
Survive the Swamp Fever campaign. (20G) Rajin' Cajun
27%
As The Charger, bowl through the entire enemy team in a single charge. (20G) Scattering Ram
27%
Use a bile bomb on a Tank. (15G) Septic Tank
27%
Revive 10 dead Survivors with the defibrillator. (30G) Shock Jock
27%
Navigate the Sugar Mill and reach the safe room without killing any Witches. (30G) Sob Story
27%
Survive a campaign on Expert difficulty with Realism mode enabled. (35G) The Real Deal
27%
Using the M60, kill 25 infected without letting go of the trigger. (20G) Til It Goes Click
27%
As The Charger, grab a Survivor and crash them through 8 chairs at the wedding. (30G) Wedding Crasher
27%
Kill a Spitter before she is able to spit. (15G) Acid Reflex
18%
Kill a Special Infected with an exploding barrel. (50G) Barrel Rolled
18%
In a Survival round, get a medal using only melee weapons. (15G) Beat the Rush
18%
Cross The Bridge Finale in less than three minutes. (30G) Bridge Over Trebled Slaughter
18%
Ignite 50 Common Infected with incendiary ammo. (15G) Burning Sensation
18%
Kill 100 Common Infected with the chainsaw. (15G) Chain of Command
18%
Have all three generators running at once in The Sacrifice finale. (50G) Chaos Generator
18%
Use every melee weapon to kill Common Infected. (15G) Club Dead
18%
Kill one of each Uncommon Infected. (20G) Crass Menagerie
18%
Kill 15 Infected with a single grenade launcher blast. (20G) Dismemberment Plan
18%
Using a Molotov, burn a Clown leading at least 10 Common Infected. (15G) Fried Piper
18%
Make a Survivor drop a gas can during overtime. (15G) Fuel Crisis
18%
Collect 100 gas cans in Scavenge. (20G) Gas Guzzler
18%
Prove you are stronger than Moustachio. (15G) Gong Show
18%
As The Spitter, hit every Survivor with a single acid patch. (15G) Great Expectorations
18%
As The Charger, grab a Survivor and carry them over 80 feet. (15G) Long Distance Carrier
18%
Play 6 Mutations. (30G) Mutant Overlord
18%
Play 5 full games of Scavenge on The Port. (30G) Port of Scavenge
18%
As the Jockey, ride a Survivor for more than 12 seconds. (15G) Qualified Ride
18%
Collect 10 vials of Boomer vomit from infected CEDA agents you have killed. (15G) Robbed Zombie
18%
As The Jockey, ride a Survivor and steer them into a Spitter's acid patch. (20G) Rode Hard, Put Away Wet
18%
As a Special Infected, incap someone who is trying to sacrifice themselves. (50G) Sacrifizzle
18%
Form a team and beat an enemy team in 4v4 Versus or Scavenge. (15G) Strength in Numbers
18%
Complete The Sacrifice. (50G) Supreme Sacrifice
18%
Revive 10 incapacitated Survivors while under the speed-boosting effects of adrenaline. (30G) The Quick and the Dead
18%
Survive The Passing campaign. (20G) Torch Bearer
18%
Navigate the impound lot and reach The Cemetery safe room without tripping any alarms. (30G) Violence in Silence
18%
Survive the Hard Rain campaign. (20G) Weatherman
18%
Defend yourself at the crashed airliner without taking damage. (30G) Wing and a Prayer
18%
Collect 15 gas cans in a single Scavenge round. (20G) Cache and Carry
9%
Open 5 Foot Lockers. (20G) Cache Grab
9%
Finish a campaign using only melee weapons. (30G) Confederacy of Crunches
9%
Cause 25 gas can drops as a Special Infected. (20G) Gas Shortage
9%
Win a game of Scavenge. (15G) Hunting Party
9%
Play the new Midnight Riders song on a jukebox. (20G) Killing Them Swiftly To This Song
9%
Stop the enemy team from collecting any gas cans during a Scavenge round. (15G) Scavenge Hunt
9%
Prove you are faster than Moustachio. (15G) Stache Wacker
9%
No matching quizzes found
Score Distribution
Percent of People with Each Score
Percentile by Number Answered
Your Score History
You have not taken this quiz